000 00677 a2200253 4500
003 CBULib
005 20251205130139.0
008 251205b |||||||| |||| 00| 0 eng d
020 _a9781529752106
040 _bEnglish
_cCBULib
_erda
041 _aeng
050 _aBC 177 Rus
100 _aRush, Dave
245 _aBuild your argument
_c/ by Dave Rush
260 _bSAGE,
_c2021
_aLos Angeles :
300 _a119 pages : illustrations
336 _2rdacontent
_aText |
_btxt
337 _2rdamedia
_aUnmediated |
_bn
338 _2rdacarrier
_aVolume
_bnc
650 0 _92777
_aREASONING
650 0 _95124
_aTHINKING
650 0 _95125
_aARGUMENTS
942 _2lcc
_c002
999 _c86568
_d86568